Cemetery Gates, by Pantera Lyrics - Statistics

General Stats
  • This quiz has been taken 34 times
  • The average score is 153 of 290
Answer Stats
Lyrics % Correct
a
100%
I
100%
me
96%
so
88%
this
85%
This
85%
conspiracy
81%
Is
81%
is
81%
Reverend
81%
reverend
81%
An
77%
in
77%
my
77%
no
77%
The
77%
the
77%
you
77%
You
77%
Crucified
73%
for
73%
to
73%
all
69%
All
69%
And
69%
life
65%
sins
65%
Some
65%
some
65%
will
65%
cemetery
62%
gates
62%
Gates
62%
beneath
58%
Left
58%
left
58%
alone
54%
he
54%
It
54%
it
54%
pass
54%
she
54%
soul
54%
unlock
54%
unreal
54%
door
50%
I'm
50%
incomplete
50%
see
50%
Believe
46%
can
46%
cry
46%
died
46%
his
46%
seems
46%
watch
46%
word
46%
as
42%
away
42%
tear
42%
when
42%
Without
42%
world
42%
your
42%
didn't
38%
eyes
38%
gave
38%
last
38%
make
38%
memories
38%
misery
38%
new
38%
took
38%
we
38%
within
38%
youth
38%
couldn't
35%
him
35%
Nothing
35%
plans
35%
turned
35%
guess
31%
image
31%
Like
31%
Lost
31%
love
31%
Now
31%
now
31%
of
31%
pain
31%
remember
31%
ask
27%
birth
27%
chance
27%
falling
27%
mind
27%
myself
27%
rain
27%
save
27%
way
27%
were
27%
why
27%
complex
23%
cried
23%
cut
23%
end
23%
found
23%
half
23%
If
23%
man
23%
our
23%
over
23%
was
23%
watching
23%
would
23%
years
23%
joy
19%
look
19%
past
19%
rage
19%
remain
19%
unfold
19%
Well
19%
wonder
19%
concern
15%
far
15%
free
15%
pride
15%
reverse
15%
still
15%
sworn
15%
thought
15%
Through
15%
at
12%
can't
12%
live
12%
set
12%
should've
12%
souls
12%
spared
12%
those
12%
vain
12%
aloud
8%
around
8%
care
8%
have
8%
must
8%
own
8%
place
8%
Sometimes
8%
you're
8%
abound
4%
Belive
4%
Then
4%
Belong
0%
No matching quizzes found
Score Distribution
Percent of People with Each Score
Percentile by Number Answered
Your Score History
You have not taken this quiz